000
00314nam a2200133Ia 4500
008
230917s9999||||xx |||||||||||||| ||und||
040
_e
160654
_a
MAIN
041
_a
English
082
_a
821.8 Y34S:T
100
_a
Satya Pal Singh
245
0
_a
Theme of love in Yeats's poetry
300
_a
109 p.
942
_c
TH
999
_c
211040
_d
211040